| 000 | 01177nam a22002417a 4500 | ||
|---|---|---|---|
| 005 | 20120614170415.0 | ||
| 008 | 081007t xxu||||| |||| 00| 0 mar d | ||
| 010 | _aMAR-22630 | ||
| 020 | _c150.00 | ||
| 035 | _aMR-15288 | ||
| 037 | _bD.B.Act /pub | ||
| 082 | _a891.46301 | ||
| 100 |
_949115 _aपंडित, वैशाली |
||
| 245 |
_aआधण आणि विसावण / _cवैशाली पंडित |
||
| 246 |
_bby Vaishali _aAndhan Aani Visavan |
||
| 260 |
_aकोल्हापूर _bअभिनंदन प्रकाशन _c2012 |
||
| 270 |
_bकोल्हापूर _a1495 ' बी ' इंदुमती अपार्टमेंट,गुलाब गल्ली,मंगळवार पेठ, _e416012 |
||
| 300 |
_a136पृ. _c22सेमी(अजिल्द) |
||
| 650 |
_aमराठी कथासंग्रह _952690 |
||
| 650 |
_aMarathi Short Stories _952691 |
||
| 942 |
_2ddc _cMR _mपंडित _h891.46301 |
||
| 999 |
_c70401 _d70401 |
||